Столицы Европы, оканчивающиеся на «А» - Statistics

General Stats
  • This quiz has been taken 387 times
  • The average score is 7 of 11
Answer Stats
Столица % Correct
Москва
90%
Варшава
83%
Рига
80%
Прага
77%
Вена
73%
Братислава
72%
Любляна
66%
Тирана
56%
Подгорица
52%
Валлетта
38%
Приштина
37%
No matching quizzes found
Score Distribution
Percent of People with Each Score
Percentile by Number Answered
Your Score History
You have not taken this quiz